|
|
|
|
| LEADER |
01075nab#a2200361#ar4500 |
| 001 |
000048513 |
| 003 |
SVKKK |
| 005 |
20040608114510.0 |
| 008 |
040531c2004 xo e eng |
| FMT |
|
|
|
| 015 |
|
|
|a SNBRB2004/05-16649
|
| 038 |
|
|
|a SVKKK
|
| 040 |
|
|
|a SVKKK
|b slo
|e AACR2
|
| 041 |
0 |
|
|a eng
|b eng
|b slo
|
| 044 |
|
|
|a xo
|c SK
|
| 080 |
|
|
|a 539.377
|2 1997
|
| 080 |
|
|
|a 669.5-404.8:669.71-404.8:539.377
|2 1997
|
| 080 |
|
|
|a 669.71-404.8
|2 1997
|
| 100 |
1 |
|
|a Kováčik, Jaroslav
|4 aut
|
| 242 |
1 |
0 |
|a Porovnanie vlastností penového zinku a hliníka
|
| 245 |
1 |
0 |
|a Comparison of zinc and aluminium foam behaviour
|c Jaroslav Kováčik, František Simančík
|
| 300 |
|
|
|b Obr., tab.
|
| 504 |
|
|
|a Bibliogr. odkazy
|
| 504 |
|
|
|a Res. angl., slov.
|
| 650 |
0 |
4 |
|a hliník penový
|
| 650 |
0 |
4 |
|a zinok penový
|x hliník penový
|x vlastnosti deformačné
|x využitie
|
| 700 |
1 |
|
|a Simančík, František
|4 aut
|
| 773 |
0 |
|
|t Kovové materiály
|x 0023-432X
|g Roč. 42, č. 2 (2004), s. 79-90
|
| 958 |
|
|
|a NB
|
| 992 |
|
|
|a RBX
|
| BAS |
|
|
|
| 852 |
|
|
|a SVKKK
|b BIB
|
| 998 |
|
|
|a HUT
|